1896 1497 1730 1819 1435 1556 1421 1234 1264 1927 1819 1438 1412 1388 1587 1335 1721 1001 1555 1714 1611 1435 1435 1906 1324 1183 1836 1093 1928 1269 1288 1998 1436 1461 1821 1981 1445 1463 1085 1579 1200 1554 1385 1284 1129 1827 1157 1427 1825 1584 1063 1075 1981 1388 1907 1477 1731 1143 1678 1427 1981 1225 1078 1731 1541 1548 1879 1113 1161 1926 1470 1175 1432 1316 1746 1917 1998 1864 1794 1980 1910 1941 1149 1647 1556 1379 1975 1226 1873 1517 1285 1344 1576 1359 1803 1706 1865 1500 1700 BCNSPRNW ULIB Ver.6.0+V

เปลี่ยนเป็นภาษาไทย

Change to English
 แสดงรายละเอียดบรรณานุกรม
  กลับหน้าหลัก

Brief Record : Get Marc (ISO 2709) : E-mail record : QR code < ปิดหน้าต่าง
LEADER : 00000nam 2200000 a 4500
001    13399128119
003     ULIB
008    200914s2563 th a b 001 0 tha d
020    ^a9786164434608
040    ^absc
060 04 ^aQW4^bC338
245 00 ^aCases in medical microbiology & parasitology /^cบรรณาธิการ,พบชัย งามสกุลรุ่งโรจน์ ... [และคนอื่น ๆ]
246 30 ^aCases in medical microbiology and parasitology
250    ^aพิมพ์ครั้งที่ 1
260    ^aกรุงเทพฯ :^bภาควิชาจุลชีววิทยาและภาควิชาปรสิตวิทยาคณะแพทยศาสตร์ศิริราชพยาบาล มหาวิทยาลัยมหิดล,^c2563
300    ^axiii, 779 หน้า :^bภาพประกอบ (ภาพสีบางภาพ) ;^c24 ซม.
504    ^aมีบรรณานุกรมและดัชนี
505 0  ^aA Clinical approach to Infectious -- LaboratoryInvestigation of infectious diseases -- Fever withoutlocalizing signs -- Infections in skin and musculoskeletalsystem -- Infections with cardiovascular and lymphaticsystems -- Infections in respiratory system -- Infectionsin Gastrointestinal and hepatobiliary systems --Infections in urinary system -- Infections in reproductivesystem -- Infections in nervous system and organs ofspecial senses -- Infections in immunocompromised patients-- Congenital and neonatal infections
650  2 ^aMedical microbiology
650  2 ^aBacteria
650  2 ^aParasitology
650  4 ^aจุลชีววิทยาทางการแพทย์
650  4 ^aแบคทีเรีย
650  4 ^aปรสิตวิทยา
700 0  ^aพบชัย งามสกุลรุ่งโรจน์,^eบรรณาธิการ
710 2  ^aมหาวิทยาลัยมหิดล.^bคณะแพทยศาสตร์ศิริราชพยาบาล.^bภาควิชาภาควิชาจุลชีววิทยา
710 2  ^aมหาวิทยาลัยมหิดล.^bคณะแพทยศาสตร์ศิริราชพยาบาล.^bภาควิชาปรสิตวิทยา
910    ^aSend to UC-Add Symbol
945    ^p999^l0^i29366
945    ^p999^l0^i29367
945    ^p999^l0^i29368
945    ^p999^l0^i29369
945    ^p999^l0^i29370
995    ^aกัณชพร จุลอักษร
999    ^aกัณชพร
รายการนี้ยังไม่มีแท็ก
คุณยังไม่ได้ล็อกอิน คุณสามารถมีกิจกรรมร่วมกับเว็บไซต์ได้ แต่ต้องล็อกอินก่อน ::
  ล็อกอิน

รายการสื่อสารสนเทศ

ลำดับที่ ประเภท เลขเรียก/บาร์โค้ด สถานที่ สถานะ
1. หนังสือสำรอง
หนังสือสำรอง
QW4 C338 ฉ.1 
  Barcode: 29366
ห้องสมุดวิทยาเขตนครสวรรค์
►หนังสือทั่วไป:l:General Books
บนชั้น
2. วิทยาศาสตร์การแพทย์ และสุขภาพ
วิทยาศาสตร์การแพทย์ และสุขภาพ
QW4 C338 ฉ.2 
  Barcode: 29367
ห้องสมุดวิทยาเขตนครสวรรค์
►หนังสือทั่วไป:l:General Books
บนชั้น
3. วิทยาศาสตร์การแพทย์ และสุขภาพ
วิทยาศาสตร์การแพทย์ และสุขภาพ
QW4 C338 ฉ.3 
  Barcode: 29368
ห้องสมุดวิทยาเขตนครสวรรค์
►หนังสือทั่วไป:l:General Books
บนชั้น
4. วิทยาศาสตร์การแพทย์ และสุขภาพ
วิทยาศาสตร์การแพทย์ และสุขภาพ
QW4 C338 ฉ.4 
  Barcode: 29369
ห้องสมุดวิทยาเขตนครสวรรค์
►หนังสือทั่วไป:l:General Books
บนชั้น
5. วิทยาศาสตร์การแพทย์ และสุขภาพ
วิทยาศาสตร์การแพทย์ และสุขภาพ
QW4 C338 ฉ.5 
  Barcode: 29370
ห้องสมุดวิทยาเขตนครสวรรค์
►หนังสือทั่วไป:l:General Books
บนชั้น

รายการใกล้เคียง
    หัวเรื่อง [Medical microbiology]
    หัวเรื่อง [Bacteria]
    หัวเรื่อง [Parasitology]
    หัวเรื่อง [จุลชีววิทยาทางการแพทย์]
    หัวเรื่อง [แบคทีเรีย]
    หัวเรื่อง [ปรสิตวิทยา]

BibComment


ยังไม่เคยถูกคอมเมนท์

คอมเมนท์ทรัพยากรรายการนี้
  คอมเมนท์: Cases in medical..


 Copyright 2026. Bcnsprnw @Library